La Importància política i econòmica de la Mediterrània Nord-occidental : paraules del President de la Generalitat a Estocolm / Jordi Pujol paraules del President de la Generalitat a Estocolm / Jordi Pujol
Publicado:
Barcelona :
Generalitat de Catalunya, Departament de la Presidència, Servei Central de Publicacions ,
1988
Descripción Física:
62 p. ; 22 cm
Materias:
Pujol, Jordi -- Discursos
MARC
| LEADER | 00000nam a2200000Ia 4500 | ||
|---|---|---|---|
| 001 | 7652 | ||
| 008 | 160829s1988 xx 000 0 cat d | ||
| 080 | |a M-2-188 | ||
| 110 | 1 | |9 54008 |a Catalunya. |b President (1980-2003 : Pujol) | |
| 245 | |a La Importància política i econòmica de la Mediterrània Nord-occidental : |b paraules del President de la Generalitat a Estocolm / Jordi Pujol | ||
| 260 | |a Barcelona : |b Generalitat de Catalunya, Departament de la Presidència, Servei Central de Publicacions, |c 1988 | ||
| 300 | |a 62 p. ; |c 22 cm | ||
| 490 | |a Paraules del President de la Generalitat ; 14 | ||
| 590 | |a Text original en anglès i traducció al català, al castellà, francès i italià. | ||
| 650 | |a Pujol, Jordi |x Discursos |9 31652 | ||
| 901 | |a Arxiu | ||
| 942 | |n 1 |2 udc | ||
| 952 | |0 0 |1 0 |4 0 |6 M2188 |7 1 |9 43556 |a Arxiu |b Arxiu |d 2016-12-01 |l 0 |o M-2-188 |p 7652 |r 2016-12-01 00:00:00 |w 2016-12-01 |y ARXIU | ||
| 999 | |c 46102 |d 46102 | ||